=LDR 00000nam 2200000 4500 =001 INLIS000000000041416 =005 20201116110749 =035 ##$$a 0010-061300000041416 =008 201116################g##########0#ind## =041 ##$$a ind =082 ##$$a 324.34 =090 ##$$a 324.34, Per p =245 ##$$a Perlindungan terhadap wanita dan anak-anak dalam ketentuan pelanggaran ham berat di indonesia =260 ##$$a Jakarta :$b Pusat Penelitian dan Pengembangan Ham Departemen Hukum dan Ham,$c 2007 =300 ##$$a 149 hlm, ; $c 21x14 cm =650 #4$$a Wanita-Hak Sipil =710 #$$a Pusat Penelitian dan Pengembangan Ham Departemen Hukum dan Ham =850 ##$$a NNT-CD =084 ##$$a 324.34 PER =990 ##$$a 31200004